000 00578cam a2200181 4500500
005 20260329003719.0
041 _afre
042 _adc
100 1 0 _aNathan, Tobie
_eauthor
245 0 0 _aL’Éducation du prince chrétien: [ou l’art de gouverner]
260 _c2016.
500 _a22
690 _aÉrasme
690 _aJean-Christophe Saladin
690 _aMachiavel
786 0 _nPhilosophie magazine | 102 | 9 | 2016-09-01 | p. 55-55 | 1951-1787
856 4 1 _uhttps://shs.cairn.info/magazine-philosophie-magazine-2016-9-page-55?lang=fr&redirect-ssocas=7080
999 _c1826970
_d1826970